[Event "Aragon-chT Preferente"]
[Site "Aragon"]
[Date "2021.03.13"]
[Round "1.34"]
[White "Marco Gines, Emilio"]
[Black "Lopez Guaita, Fernando"]
[Result "1/2-1/2"]
[WhiteElo "1425"]
[BlackElo "1830"]
[PlyCount "63"]
[EventDate "2021.03.13"]
[EventType "team-tourn"]
[EventRounds "9"]
[EventCountry "ESP"]
[SourceTitle "EXT 2024"]
[Source "ChessBase"]
[SourceDate "2023.10.10"]
[SourceVersion "1"]
[SourceVersionDate "2023.10.10"]
[SourceQuality "1"]
[WhiteTeam "Delicias II"]
[BlackTeam "Utebo San Lamberto"]
[WhiteTeamCountry "ESP"]
[BlackTeamCountry "ESP"]

1. e4 c6 2. d3 d5 3. Nd2 dxe4 4. Nxe4 Nd7 5. Nf3 Ngf6 6. g3 g6 7. Bg2 Bg7 8. 0-0 0-0 9. Re1 Nxe4 10. dxe4 Nc5 11. e5 Qxd1 12. Rxd1 Bg4 13. Bf4 Rfd8 14. Re1 Bf5 15. Rad1 Ne6 16. c3 Nxf4 17. gxf4 Bg4 18. h3 Bh5 19. Rd4 Rxd4 20. Nxd4 Rd8 21. b4 Bh6 22. Re4 e6 23. a4 a5 24. bxa5 Ra8 25. Nb3 Bd1 26. Nc5 Rxa5 27. Nxb7 Rxa4 28. Rd4 Rxd4 29. cxd4 Ba4 30. Nd8 Bxf4 31. Bxc6 Bxc6 32. Nxc6 1/2-1/2